000 00702nam a2200229 i 4500
001 bg
245 0 0 _aLeksykon prywatyzacji /
_c[red. Teresa Zwierzyńska-Bubałło].
250 _aWyd. 2 rozsz.
260 _aWarszawa :
_bPolskie Wydaw. Ekonomiczne,
_c1998.
300 _a251 s. :
_brys., wykr. ;
_c25 cm.
504 _aBibliogr. s. 243-244, wykaz ważniejszych aktów prawnych s. 241-242. - Indeks.
650 9 _aPrywatyzacja
_zPolska
655 _aEncyklopedie
700 1 _aZWIERZYŃSKA-BUBAŁŁO, Teresa.
_eRed.
020 _a8320811279
040 _cBPK
041 0 _apl
080 _a338.242(03)
920 _a83-208-1127-9
942 _cKS
008 s pl f |000 0 pol
999 _c33358
_d33358
856 _uhttp://koha.tu.koszalin.pl/cgi-bin/koha/opac-detail.pl?biblionumber=33358
_yKatalog online BPK